МОДЕРНИЗАЦИЯ НАЦИОНАЛЬНЫХ СИСТЕМ РАСПРОСТРАНЕНИЯ ЗНАНИЙ ПО ВОПРОСАМ СЕЛЬСКОГО ХОЗЯЙСТВА (Record no. 233)

MARC details
000 -LEADER
fixed length control field 03199cam a2200889 4500
001 - CONTROL NUMBER
control field 436451
003 - CONTROL NUMBER IDENTIFIER
control field ItRFAO
005 - DATE AND TIME OF LATEST TRANSACTION
control field 20200421093823.0
008 - FIXED-LENGTH DATA ELEMENTS--GENERAL INFORMATION
fixed length control field 080627t2008 xxu||||| ||| 00| 0 d
040 ## - CATALOGING SOURCE
Original cataloging agency ItRFAO
Modifying agency ItRFAO
041 0# - LANGUAGE CODE
Language code of text/sound track or separate title rus
084 ## - OTHER CLASSIFICATION NUMBER
Classification number 374:63 Q1(Ru)
-- 98982
084 ## - OTHER CLASSIFICATION NUMBER
Classification number 374:63 Q1(Ru)
-- 98982
100 ## - MAIN ENTRY--PERSONAL NAME
Personal name Qamar, M.K.
9 (RLIN) 1059
110 ## - MAIN ENTRY--CORPORATE NAME
Corporate name or jurisdiction name as entry element FAO, Rome (Italy). Research and Extension Div.
Language of a work eng
9 (RLIN) 1060
242 00 - TRANSLATION OF TITLE BY CATALOGING AGENCY
Title Modernizing national agricultural extension systems. A practical guide for policy-makers of developing countries
245 00 - TITLE STATEMENT
Title МОДЕРНИЗАЦИЯ НАЦИОНАЛЬНЫХ СИСТЕМ РАСПРОСТРАНЕНИЯ ЗНАНИЙ ПО ВОПРОСАМ СЕЛЬСКОГО ХОЗЯЙСТВА
260 ## - PUBLICATION, DISTRIBUTION, ETC.
Place of publication, distribution, etc. Rome (Italy)
Name of publisher, distributor, etc. FAO
Date of publication, distribution, etc. 2008
300 ## - PHYSICAL DESCRIPTION
Extent 79 p.
336 ## - CONTENT TYPE
Source ItRFAO
Content type term Monograph
336 ## - CONTENT TYPE
Source ItRFAO
Content type term Summary
336 ## - CONTENT TYPE
Source ItRFAO
Content type term Handbook
336 ## - CONTENT TYPE
Source ItRFAO
Content type term Documents
338 ## - CARRIER TYPE
Source ItRFAO
Carrier type term Books
546 ## - LANGUAGE NOTE
Language note Russian
520 ## - SUMMARY, ETC.
Summary, etc. Summary (Ru)
650 17 - SUBJECT ADDED ENTRY--TOPICAL TERM
Source of heading or term agrovoc
Topical term or geographic name entry element Agricultural extension
9 (RLIN) 1061
650 17 - SUBJECT ADDED ENTRY--TOPICAL TERM
Source of heading or term agrovoc
Topical term or geographic name entry element EXTENSION ACTIVITIES
9 (RLIN) 1062
650 17 - SUBJECT ADDED ENTRY--TOPICAL TERM
Source of heading or term agrovoc
Topical term or geographic name entry element AGRICULTURAL DEVELOPMENT
9 (RLIN) 1063
650 17 - SUBJECT ADDED ENTRY--TOPICAL TERM
Source of heading or term agrovoc
Topical term or geographic name entry element MODERNIZATION
9 (RLIN) 1064
650 17 - SUBJECT ADDED ENTRY--TOPICAL TERM
Source of heading or term agrovoc
Topical term or geographic name entry element SUSTAINABLE DEVELOPMENT
9 (RLIN) 1065
650 27 - SUBJECT ADDED ENTRY--TOPICAL TERM
Source of heading or term agrovoc
Topical term or geographic name entry element FOOD SECURITY
650 27 - SUBJECT ADDED ENTRY--TOPICAL TERM
Source of heading or term agrovoc
Topical term or geographic name entry element GLOBALIZATION
9 (RLIN) 1067
650 27 - SUBJECT ADDED ENTRY--TOPICAL TERM
Source of heading or term agrovoc
Topical term or geographic name entry element POVERTY
650 27 - SUBJECT ADDED ENTRY--TOPICAL TERM
Source of heading or term agrovoc
Topical term or geographic name entry element AIDS
9 (RLIN) 1069
650 27 - SUBJECT ADDED ENTRY--TOPICAL TERM
Source of heading or term agrovocf
Topical term or geographic name entry element SECURITE ALIMENTAIRE
650 27 - SUBJECT ADDED ENTRY--TOPICAL TERM
Source of heading or term agrovocf
Topical term or geographic name entry element MONDIALISATION
9 (RLIN) 1071
650 27 - SUBJECT ADDED ENTRY--TOPICAL TERM
Source of heading or term agrovocf
Topical term or geographic name entry element PAUVRETE
650 27 - SUBJECT ADDED ENTRY--TOPICAL TERM
Source of heading or term agrovocf
Topical term or geographic name entry element SIDA (MALADIE)
9 (RLIN) 1073
650 17 - SUBJECT ADDED ENTRY--TOPICAL TERM
Source of heading or term agrovocf
Topical term or geographic name entry element VULGARISATION AGRICOLE
9 (RLIN) 1074
650 17 - SUBJECT ADDED ENTRY--TOPICAL TERM
Source of heading or term agrovocf
Topical term or geographic name entry element VULGARISATION
650 17 - SUBJECT ADDED ENTRY--TOPICAL TERM
Source of heading or term agrovocf
Topical term or geographic name entry element DEVELOPPEMENT AGRICOLE
9 (RLIN) 1076
650 17 - SUBJECT ADDED ENTRY--TOPICAL TERM
Source of heading or term agrovocf
Topical term or geographic name entry element MODERNISATION
9 (RLIN) 1077
650 17 - SUBJECT ADDED ENTRY--TOPICAL TERM
Source of heading or term agrovocf
Topical term or geographic name entry element DEVELOPPEMENT DURABLE
9 (RLIN) 1078
650 27 - SUBJECT ADDED ENTRY--TOPICAL TERM
Source of heading or term agrovocs
Topical term or geographic name entry element SEGURIDAD ALIMENTARIA
650 27 - SUBJECT ADDED ENTRY--TOPICAL TERM
Source of heading or term agrovocs
Topical term or geographic name entry element GLOBALIZACION
9 (RLIN) 1080
650 27 - SUBJECT ADDED ENTRY--TOPICAL TERM
Source of heading or term agrovocs
Topical term or geographic name entry element POBREZA
650 27 - SUBJECT ADDED ENTRY--TOPICAL TERM
Source of heading or term agrovocs
Topical term or geographic name entry element SIDA (ENFERMEDAD)
9 (RLIN) 1082
650 17 - SUBJECT ADDED ENTRY--TOPICAL TERM
Source of heading or term agrovocs
Topical term or geographic name entry element EXTENSION AGRICOLA
9 (RLIN) 1083
650 17 - SUBJECT ADDED ENTRY--TOPICAL TERM
Source of heading or term agrovocs
Topical term or geographic name entry element EXTENSION
650 17 - SUBJECT ADDED ENTRY--TOPICAL TERM
Source of heading or term agrovocs
Topical term or geographic name entry element DESARROLLO AGRICOLA
9 (RLIN) 1085
650 17 - SUBJECT ADDED ENTRY--TOPICAL TERM
Source of heading or term agrovocs
Topical term or geographic name entry element MODERNIZACION
9 (RLIN) 1086
650 17 - SUBJECT ADDED ENTRY--TOPICAL TERM
Source of heading or term agrovocs
Topical term or geographic name entry element DESARROLLO SOSTENIBLE
9 (RLIN) 1087
651 #7 - SUBJECT ADDED ENTRY--GEOGRAPHIC NAME
Source of heading or term agrovoc
Geographic name Developing countries
651 #7 - SUBJECT ADDED ENTRY--GEOGRAPHIC NAME
Source of heading or term agrovocf
Geographic name PAYS EN DEVELOPPEMENT
651 #7 - SUBJECT ADDED ENTRY--GEOGRAPHIC NAME
Source of heading or term agrovocs
Geographic name PAISES EN DESARROLLO
690 #7 - LOCAL SUBJECT ADDED ENTRY--TOPICAL TERM (OCLC, RLIN)
Source of heading or term agrissce
Topical term or geographic name as entry element C20-Extension
690 #7 - LOCAL SUBJECT ADDED ENTRY--TOPICAL TERM (OCLC, RLIN)
Source of heading or term agrissce
Topical term or geographic name as entry element E14-Development economics and policies
692 ## -
-- AGD
692 ## -
-- ED
692 ## -
-- RD
775 ## - OTHER EDITION ENTRY
Language code eng
Other item identifier 433367
775 ## - OTHER EDITION ENTRY
Language code fre
Other item identifier 433369
775 ## - OTHER EDITION ENTRY
Language code ara
Other item identifier 433371
856 ## - ELECTRONIC LOCATION AND ACCESS
Uniform Resource Identifier <a href="ftp://ftp.fao.org/docrep/fao/010/a0219r/a0219r00.pdf">ftp://ftp.fao.org/docrep/fao/010/a0219r/a0219r00.pdf</a>
856 ## - ELECTRONIC LOCATION AND ACCESS
Uniform Resource Identifier <a href="http://www.fao.org/docrep/011/a0219f/a0219f00.htm">http://www.fao.org/docrep/011/a0219f/a0219f00.htm</a>
Public note French
856 ## - ELECTRONIC LOCATION AND ACCESS
Uniform Resource Identifier <a href="http://www.fao.org/docrep/008/a0219e/a0219e00.htm">http://www.fao.org/docrep/008/a0219e/a0219e00.htm</a>
Public note English
856 ## - ELECTRONIC LOCATION AND ACCESS
Uniform Resource Identifier <a href="http://www.fao.org/docrep/011/a0219r/a0219r00.htm">http://www.fao.org/docrep/011/a0219r/a0219r00.htm</a>
Public note Russian
856 ## - ELECTRONIC LOCATION AND ACCESS
Uniform Resource Identifier <a href="http://www.fao.org/docrep/011/a0219a/a0219a00.htm">http://www.fao.org/docrep/011/a0219a/a0219a00.htm</a>
Public note Arabic
919 ## -
-- AGRIS
-- FAO document
-- Library material
942 ## - ADDED ENTRY ELEMENTS (KOHA)
Suppress in OPAC No
Koha item type Mixed Materials
Holdings
Withdrawn status Lost status Damaged status Not for loan Collection Home library Current library Shelving location Date acquired Barcode Date last seen Price effective from Koha item type
        Reference Fairview Fairview General stacks 09/04/2014 39999000010114 09/04/2014 09/04/2014 Books
        Reference Fairview Fairview General stacks 09/04/2014 39999000010138 09/04/2014 09/04/2014 Books
        Reference Midway Midway General stacks 09/04/2014 39999000010152 09/04/2014 09/04/2014 Books